=LDR 00000nam 2200000 4500 =001 INLIS000000000026373 =005 20130612124823 =008 ***********************************ind** =035 ##$$0010-061300000026373 =041 ##$$a ind =082 ##$$a 297.1 =090 ##$$a 297.1, SYA a =100 ##$$a Syamsu, Nazwar =245 ##$$a Al Quran tentang manusia dan masyarakat, Nazwar Syamsu =260 ##$$a 1983 $b Jakarta =300 ##$$a 334 hlm., 23 cm =650 ##$$a Tauhid dan Manusia =850 ##$$a NBPNMAT